00416nam a2200121Ia 4500008004100000024004300041082001600084100005800100245005100158260002500209600002700234650003300261250506s9999 xx 000 0 und d a12B-38-EL, 13B-136-EL & 13B-153-EL a621.072 MUH aMuhammad Tausique Sheikh, Muhammad Atif & Muneeb Rauf 0aFPGA Based Controller for Surveillance Vehicle aKarachi:bUIT,c2013 aElectrical Engineering aBachelor of Engineering (BE)